| 000 | 00977cam a22002653a 4500 | ||
|---|---|---|---|
| 001 | 387 | ||
| 003 | PGUSA | ||
| 005 | 20140828082947.0 | ||
| 008 | 960101s1996||||xxu|||||s|||||000 | eng d | ||
| 040 |
_aPGUSA _beng |
||
| 042 | _adc | ||
| 050 | 4 | _aPR | |
| 100 | 1 |
_aStevenson, Robert Louis, _d1850-1894 |
|
| 245 | 1 | 0 |
_aVailima Letters : _bBeing Correspondence Addressed by Robert Louis Stevenson to Sidney Colvin, November 1890-October 1894 _h[electronic resource] / _cRobert Louis Stevenson |
| 260 |
_bProject Gutenberg, _c1996 |
||
| 506 | _aPublic domain in the USA. | ||
| 516 | _aElectronic text | ||
| 653 | _aStevenson, Robert Louis, 1850-1894 -- Travel -- Samoan Islands | ||
| 653 | _aStevenson, Robert Louis, 1850-1894 -- Correspondence | ||
| 653 | _aAuthors, Scottish -- 19th century -- Correspondence | ||
| 653 | _aColvin, Sidney, 1845-1927 -- Correspondence | ||
| 830 | 0 |
_aProject Gutenberg _v387 |
|
| 856 | 4 | 0 | _uhttp://www.gutenberg.org/ebooks/387 |
| 942 | _cEB | ||
| 999 |
_c229738 _d229738 |
||